• 首页
  • 本馆介绍
  • 公告通知
  • 最新文献
  • 馆藏检索
  • 电子资源
  • 读者导购
  • 参考咨询
  • 我的图书馆
  • 登录
  • 详细信息显示
  • 放入我的书架
  • 预约/预借图书
  • 作者相关作品
  • 分类相关作品
  • 丛书相关作品
  • 出版社相关作品

书目信息

  • 表格格式
  • 工作单格式
  • 卡片格式
题名:
CCNP ROUTE 300-101学习指南
    
 
作者: 蒂尔 , 瓦尚 , 格拉齐亚尼 著 ;YESLAB工作室 译
分册:  
出版信息: 北京   人民邮电出版社  2016.7
页数: 636页
开本: 24cm
丛书名:
单 册:
中图分类: TN915.05-
科图分类:
主题词: 计算机网络--路由选择--指南
电子资源:
ISBN: 978-7-115-42507-2
000 01633nam0 2200337 450
001 0400001604
005 20171018175710.0
010    @a978-7-115-42507-2@dCNY108.00
100    @a20161024e20172016em y0chiy50 ea
101 1  @achi@ceng
102    @aCN@b110000
105    @aa az 000yy
106    @ar
200 1  @aCCNP ROUTE 300-101学习指南@9CCNP ROUTE 300-101 xue xi zhi nan@dImplementing cisco IP routing (route) foundation learning guide CCNP ROUTE 300-101@f(美)Diane Teare,(美)Bob Vachon,(美)Rick Graziani著@gYESLAB工作室译@zeng
210    @a北京@c人民邮电出版社@d2016.7@h2017.7
215    @a636页@c图@d24cm
305    @a本书中文简体字版由美国Pearson Education授权人民邮电出版社出版
314    @aDiane Teare,女,网络、培训、项目管理和在线教育领域的专家。
314    @aBob Vachon,加拿大安大略省萨德伯里市凯布莱恩学院的教授。
314    @aRick Graziani,在加利福尼亚州阿普托斯的卡布利洛学院教授计算机科学与计算机网络课程。
320    @a有书目
330    @a本书详细讲解了基本的网络和路由协议原理,介绍了IPv4和IPv6,全面回顾了EIGRP、OSPF和BGP,还讨论了企业网络的internet连通性问题,探究了路由更新和路径控制,并且给出了当前的路由器安全最佳做法。
510 1  @aImplementing cisco IP routing (route) foundation learning guide CCNP ROUTE 300-101@zeng
606 0  @a计算机网络@x路由选择@j指南
690    @aTN915.05-@v5
701  0 @c(美)@a蒂尔@9di er@c(Teare, Diane)@4著
701  0 @c(美)@a瓦尚@9wa shang@c(Vachon, Bob)@4著
701  0 @c(美)@a格拉齐亚尼@9ge la qi ya ni@c(Graziani, Rick)@4著
712 02 @aYESLAB工作室@9YESLAB gong zuo shi@4译
801  0 @aCN@b91MARC@c20171018
905    @b1022184-8@dTN915.05-@f5@e146
    
    CCNP ROUTE 300-101学习指南=Implementing cisco IP routing (route) foundation learning guide CCNP ROUTE 300-101/(美)Diane Teare,(美)Bob Vachon,(美)Rick Graziani著/YESLAB工作室译.-北京:人民邮电出版社,2016.7(2017.7)
    636页:图;24cm
    
    
    ISBN 978-7-115-42507-2:CNY108.00
    本书详细讲解了基本的网络和路由协议原理,介绍了IPv4和IPv6,全面回顾了EIGRP、OSPF和BGP,还讨论了企业网络的internet连通性问题,探究了路由更新和路径控制,并且给出了当前的路由器安全最佳做法。
●
相关链接 在E读中查询图书 在五车中查询图书 在当当中查询图书 在豆瓣中查询图书


正题名:CCNP ROUTE 300-101学习指南     索取号:TN915.05-/146         预约/预借

序号 登录号 条形码 馆藏地/架位号 状态 备注
1 1022184   210221847   第二样本阅览室/ [索取号:TN915.05-/146] 在馆    
2 1022185   210221856   密集书库-物理学院/ [索取号:TN915.05-/146] 在馆    
3 1022186   210221865   第三借阅区/ [索取号:TN915.05-/146] 在馆    
4 1022187   210221874   第三借阅区/ [索取号:TN915.05-/146] 在馆    
5 1022188   210221883   第三借阅区/ [索取号:TN915.05-/146] 在馆    
唐山师范学院图书馆 欢迎您!
大连网信软件有限公司© 版权所有